| 000 | 00391nam a2200169Ia 4500 | ||
|---|---|---|---|
| 003 | 0STCL | ||
| 008 | 150530s9999 xx 000 0 und d | ||
| 040 |
_aSTCL _cSTCL |
||
| 100 | _aBarker | ||
| 245 | _aValues of life essays on the circles and centres of duty | ||
| 250 | _aFirst | ||
| 260 | _c1963 | ||
| 546 | _aEnglish | ||
| 942 |
_2ddc _cBK |
||
| 999 |
_c60929 _d60929 |
||
| 005 | 20220125171143.0 | ||